000 00471nam a2200181Ia 4500
001 24189
005 20260414151027.0
008 260414t2008||||xx |||||||||||||| ||spa||
041 _aESP
082 _a792.0226
_bM26 2008 T. 4
100 _aMartí, Mónica
_eAUT
245 0 _aTíteres y mimo :
_bLos reyes del océano. El flautista de Hamelín
260 _c2008
300 _a64 páginas :
_c31 cm.
650 _aABD
654 _aCAU
942 _cLIB
_dJUS
_fJUS
_2ddc
_n
999 _c24189
_d24189